000 00716nam a2200205 4500
001 121999
003 ES-MaACL
005 20250713091421.0
007 t|
008 070214s1968 sp r ||||1| spa d
100 1 _aPoe, Edgar Allan,
_d1809-1849
_9188384
245 1 0 _aNuevas narraciones extraordinarias
_b: (2ª selección) /
_cEdgar Allan Poe ; estudio crítico por Charles Baudelaire ; traducción de Mariano Orta Manzano.
250 _a1ª ed.
260 _aBarcelona [etc.] :
_bJuventud,
_c1968.
300 _a196 p. :
_bil. ;
_c18 cm.
700 1 _aBaudelaire, Charles.
_926513
700 1 _aOrta Manzano, Mariano.
_987384
852 _aES-MaACL
_jC-37070
_bR.68154
999 _c121999
_d121999